| 000 | 00445nam a2200157Ia 4500 | ||
|---|---|---|---|
| 008 | 160316s2002 xxu||||| |||| 00| 0 eng d | ||
| 082 |
_a345.080000 _bGOK |
||
| 100 | _a | ||
| 245 | _aJuvenile justice (care and protection of children) act, 2000 | ||
| 250 | _a | ||
| 260 |
_aBangalore _bGovernment of Karnataka _c2002 |
||
| 300 |
_a48 _b _c |
||
| 365 | _b | ||
| 650 | _a1. juvenile justice act 2. care and protection of children | ||
| 700 |
_a _a |
||
| 999 |
_c34159 _d34159 |
||